All Counties of the Northeastern US on a Map - Statistics

General Stats
  • This quiz has been taken 207 times
    206 since last reset
  • The average score is 96 of 217
Answers on the Map
Answers color-coded by a green-red scale on the quiz's map according to % correct below.
 
Answer Stats
Answer % Correct
Queens
87%
Erie
84%
New York
83%
Bronx
82%
Essex
82%
Kings
82%
Washington
81%
Albany
80%
Suffolk
79%
Philadelphia
78%
York
75%
Providence
74%
Hartford
73%
Jefferson
72%
Franklin
69%
Monroe
69%
Sussex
69%
Worcester
69%
Atlantic
68%
Madison
68%
Nassau
68%
Nantucket
67%
Lancaster
66%
New Haven
66%
Adams
65%
Delaware
65%
Hudson
65%
Westchester
65%
Allegheny
64%
Middlesex
62%
Norfolk
62%
Plymouth
62%
Burlington
61%
Newport
61%
Chester
59%
Niagara
59%
Orange
59%
Richmond
59%
Berks
58%
Hamilton
57%
Ocean
57%
Lincoln
56%
Cape May
54%
Bristol
53%
Camden
53%
Kent
53%
Cumberland
51%
Gloucester
51%
Ontario
51%
Somerset
51%
Bergen
50%
Clinton
50%
Hampshire
50%
Montgomery
50%
Bucks
49%
Fairfield
49%
New London
48%
Union
48%
Passaic
47%
Schenectady
47%
Barnstable
46%
Berkshire
46%
Oneida
46%
Oxford
46%
Monmouth
45%
Saratoga
45%
Greene
43%
Northampton
43%
Rockland
43%
Salem
43%
Seneca
43%
Warren
43%
Rutland
42%
St. Lawrence
41%
Litchfield
40%
Oswego
40%
Dutchess
39%
Lewis
39%
Morris
39%
Penobscot
39%
Putnam
39%
Aroostook
38%
Sullivan
38%
Wayne
38%
Coos
37%
Mercer
37%
Centre
36%
Lehigh
36%
Bedford
35%
Cayuga
35%
Dukes
35%
Hancock
35%
Susquehanna
35%
Tioga
35%
Ulster
35%
Wyoming
35%
Columbia
34%
Hampden
34%
Windham
33%
Beaver
32%
Orleans
32%
Androscoggin
31%
Bennington
31%
Cheshire
31%
Herkimer
31%
Hunterdon
31%
Lackawanna
31%
Lawrence
31%
Rensselaer
31%
Rockingham
31%
Tolland
31%
Westmoreland
31%
Lebanon
30%
Northumberland
30%
Broome
29%
Chittenden
29%
Dauphin
29%
Butler
28%
Fulton
28%
Grand Isle
28%
Luzerne
28%
Otsego
28%
Pike
28%
Waldo
28%
Merrimack
27%
Schuyler
27%
Cattaraugus
26%
Genesee
26%
Hillsborough
26%
Kennebec
26%
Windsor
26%
Bradford
25%
Chautauqua
25%
Cortland
25%
Forest
25%
Grafton
25%
Lycoming
25%
Schoharie
25%
Tompkins
25%
Allegany
24%
Cambria
24%
Carbon
24%
Indiana
24%
Knox
24%
Yates
24%
Belknap
23%
Huntingdon
23%
Onondaga
23%
Piscataquis
23%
Steuben
23%
Clarion
22%
Fayette
22%
Strafford
22%
Carroll
21%
Chenango
21%
Sagadahoc
21%
Schuylkill
21%
Armstrong
20%
Chemung
20%
Clearfield
20%
Crawford
20%
Elk
20%
Juniata
20%
Lamoille
20%
Perry
20%
Potter
20%
Addison
19%
Livingston
19%
Mifflin
19%
Snyder
19%
Venango
19%
Caledonia
18%
Cameron
17%
McKean
17%
Montour
17%
Blair
16%
No matching quizzes found
Score Distribution
Percent of People with Each Score
Percentile by Number Answered
Your Score History
You have not taken this quiz since the last reset